| 000 | 01092nmc a2200277 a 4500 | ||
|---|---|---|---|
| 003 | AR-BaBNM | ||
| 005 | 20251128203752.0 | ||
| 008 | 147019s1971 ||||||||||||||000 | spa|| | ||
| 040 | _cAR-BaBNM | ||
| 100 | 1 | _aFrank, Lawrence K. | |
| 245 | 1 | 0 |
_aCómo ser un director moderno ; _bCómo ser un miembro de consejo o comité |
| 250 | _a1ª ed. | ||
| 260 |
_aMéxico, D.F. _bDiana _bCentro Regional de Ayuda Técnica. Agencia para el Desarrollo Internacional _c1971 |
||
| 300 | 0 |
_ap. irreg. _bil. |
|
| 490 | 0 | _aBiblioteca para el director de grupos | |
| 500 | 1 | _aEsta publicación ha sido preparada conjuntamente por la editorial y el Centro Regional de Ayuda Técnica, Agencia para el Desarrollo Internacional AID, Departamento de Estado del Gobierno de los Estados Unidos de América. El Centro es una organización dedi | |
| 650 | 4 | _aGRUPOS | |
| 650 | 4 | _aASESORAMIENTO DE GRUPO | |
| 650 | 4 | _aDIRECTORES DE EMPRESAS | |
| 650 | 4 | _aASESORES | |
| 650 | 4 | _aADMINISTRACION | |
| 700 | 1 | _aSorenson, Roy | |
| 700 | 1 |
_aCárdenas Barrios, René _etraductor |
|
| 942 | _cBK | ||
| 998 | _cSILVI | ||
| 999 |
_c4869 _d4869 |
||